000 00610nam a2200241 a 4500
001 0001-1364
003 ELIB.Books
008 151105 2010 eng
020 _a13: 9788122203677
035 _a(ELIB.Books)0001-1519
092 _a248
_bPea
100 _aPeale, Norman Vincent
245 _aPositive Living Day by Day
260 _aNew York
_bOrient Paperbacks
_c2002
300 _a234
_c20.5 Cm
500 _aLibrary
650 _aChristian Life
856 _nKBTS: Library
_uKBTS: Elib
942 _2ddc
_cBK
990 _a2
998 _cbat
_e2015-11-05
999 _c11364
_d11364